| 000 | 00930cac a2200241 a 4500 | ||
|---|---|---|---|
| 003 | CO-PeBPM | ||
| 005 | 20250428180507.0 | ||
| 007 | ta | ||
| 008 | 240613s2003c]|ck x ||||||||||||||spaund|| | ||
| 020 | _a8408046500 | ||
| 040 |
_aCO-PeBPM _bspa _cCO-PeBPM _erda |
||
| 041 | _aspa | ||
| 082 | 0 | 4 |
_a155.3 C348p _222 |
| 100 | 1 | 0 |
_aCastells Cuixart, Paulino _eautor |
| 245 | 1 | 0 |
_aEn pareja _b: Los secretos del amor y el desamor _c/ Paulino Castells |
| 250 | _aPrimera edición | ||
| 260 |
_aBarcelona, España : _b: Planeta _c, c 2003 |
||
| 300 |
_a234 páginas _c23 centímetros |
||
| 500 |
_aIncluye índice _aContiene datos biograficos del autor en la solapa del texto |
||
| 520 | _aCómo mantener viva la llama de la pasión? ¿Hay algo que podamos hacer para procurar mejorar nuestra relación? El Dr. Paulino Castells nos ofrece las claves para vivir en pareja. | ||
| 650 | 1 | 4 |
_aAmor _aRelaciones de pareja |
| 942 |
_2ddc _cBK _n0 |
||
| 999 |
_c60755 _d60755 |
||